🎯Termes de la pĂ©tanque (mort subite) - Statistiques

Statistiques générales
  • Ce quiz a Ă©tĂ© pris 510 fois
    311 depuis la derniĂšre actualisation
  • Le rĂ©sultat moyen est 11 sur 19
Answers on the Grid
Answers color-coded by a green-red scale on the quiz's grid according to % correct below.
Aimant
Allumette
Biberon
Bouchon
Carreau
Cercle de lancer
Chistera
Cochonnet
Contre-carreau
DĂ©
Demi-portée
Faire une casquette
Fanny
Jouer la morte
Juge de ligne
Lance-pierre
Lancer
Lobe
MĂšne
MĂštre
Militaire
Palet
Plombée
Pointer
Quadruplette
Quille
StratĂšge
TĂȘte de cochon
TĂȘte-Ă -tĂȘte
Tirer
Triplette
Truffe
 
Statistiques - réponses
Réponse % Correct
Cochonnet
80%
Pointer
78%
Tirer
77%
Carreau
74%
Triplette
72%
Bouchon
66%
MĂštre
64%
Plombée
62%
Faire une casquette
59%
MĂšne
57%
Fanny
55%
Biberon
51%
Demi-portée
49%
TĂȘte-Ă -tĂȘte
49%
Aimant
48%
Cercle de lancer
48%
Lancer
47%
Palet
40%
Contre-carreau
36%
Aucun quiz correspondant
Distribution des résultats
% des personnes avec chaque résultat
Percentile par nombre de réponses
Votre historique - résultats
Vous n’avez pas pris ce quiz depuis la derniùre actualisation